|
|
|
|
| LEADER |
00000csc a2200000 a 4500 |
| 001 |
53499 |
| 005 |
20230308215136.0 |
| 008 |
000000|1974 ||||||||r|||||||||||spa|| |
| 020 |
|
|
|a 8423611779
|
| 040 |
|
|
|b spa
|
| 041 |
1 |
|
|a spa
|
| 082 |
0 |
|
|a 862.4
|
| 100 |
1 |
|
|a Alcantara, Felipe
|9 301661
|
| 245 |
|
|
|a Whisky y cadáveres
|c Felipe Alcantara
|h imp
|
| 264 |
|
|
|a Bracelona
|b Ediciones Don Bosco
|c 1974
|
| 300 |
|
|
|a 24 páginas:
|b dia
|c 17 cm
|
| 490 |
|
|
|a Teatro Edebe
|
| 650 |
|
|
|a Obra de teatro
|9 113318
|
| 650 |
|
|
|a Teatro
|9 442
|
| 852 |
|
|
|a UC-CDJBV
|c ESTANTERIA CERRADA
|f Compra
|k rocio.campoverde
|l 1
|m General
|p 00000000
|q 2,30
|r 2
|t 53499
|b 0
|d CDRC
|e CDRC
|g 862.4 ESTANTERIA CERRADA
|z 0000-00-00
|
| 942 |
|
|
|
| 999 |
|
|
|c 129936
|d 129936
|